Max Liebermann : Ausstellung 1954, Landesgalerie Hannover, Kunstverein in Hamburg, Kunstverein Düsseldorf, Kunsthalle Bremen.
Saved in:
| Corporate Authors: | , |
|---|---|
| Other Authors: | |
| Format: | Book |
| Language: | German |
| Published: |
[S.l. :
s.n.,
1954]
|
| Subjects: | |
| Tags: |
Add Tag
No Tags, Be the first to tag this record!
|
| LEADER | 00888nam a2200217Ia 4500 | ||
|---|---|---|---|
| 001 | 005190768-2 | ||
| 005 | 20020606095253.2 | ||
| 008 | 910204s1954 gw a 000 0 ger d | ||
| 035 | 0 | |a ocm23056991 | |
| 040 | |a RSG |c RSG |d HFL | ||
| 110 | 2 | |a Niedersächsische Landesgalerie Hannover. | |
| 245 | 0 | 0 | |a Max Liebermann : |b Ausstellung 1954, Landesgalerie Hannover, Kunstverein in Hamburg, Kunstverein Düsseldorf, Kunsthalle Bremen. |
| 260 | |a [S.l. : |b s.n., |c 1954] | ||
| 300 | |a [31] p. : |b ill. ; |c 21 cm. | ||
| 500 | |a Cover title. | ||
| 500 | |a "Die Ausstellung wurde von der Niedersächsischen Landesgalerie Hannover in kollegialer Zusammenarbeit mit dem Direktor der Hamburger Kunsthalle, Professor Dr. C. G. Heise, vorbereitet." | ||
| 600 | 1 | 0 | |a Liebermann, Max, |d 1847-1935 |x Exhibitions. |
| 700 | 1 | |a Heise, Carl Georg, |d 1890- | |
| 710 | 2 | |a Hamburger Kunsthalle. | |
| 988 | |a 20020608 | ||
| 906 | |0 OCLC | ||


